Rockbands/-musiker nach Album erraten - Statistiken

Allgemein
  • Dieses Quiz wurde 127 mal gespielt
  • Das Durchschnittsergebnis liegt bei 14 aus 36
Antwortstatistiken
Bildquiz Antwort % Korrekt
The Beatles
92%
Kiss
88%
Pink Floyd
82%
Nirvana
75%
Green Day
73%
Gorillaz
72%
Linkin Park
67%
Red Hot Chili Peppers
65%
Guns N Roses
62%
Iron Maiden
57%
Led Zeppelin
50%
Black Sabbath
48%
Jimi Hendrix
47%
Rammstein
45%
Alice Cooper
42%
Aerosmith
39%
Fleetwood Mac
39%
Rolling Stones
39%
The Doors
37%
Van Halen
37%
Toto
35%
David Bowie
30%
Dire Straits
30%
Scorpions
27%
Journey
26%
Bon Jovi
24%
Boston
22%
System of a down
19%
Foo Fighters
14%
Blue Öyster Cult
13%
Kansas
12%
Asia
10%
Steppenwolf
7%
The Eagles
7%
Heart
4%
Redbone
0%
Keine übereinstimmenden Quizze gefunden
Verteilung der Resultate
Anzahl Personen mit jedem Resultat
Perzentil nach korrekt beantworteten Fragen
Ihre Resultats-Entwicklung
Sie haben dieses Quiz noch nicht gespielt